00522cam a2200169 a 4500020002800000020003500028040000800063082002600071245006500097260005000162300002500212650002500237650001800262650002500280700002900305700001800334 a0816515425 (alk. paper) a0816515654 (pbk. : alk. paper) cDLC00a331 UNI 1995 C154 Or.00aGender and agricultural development :bsurveying the field / aTucson :bUniversity of Arizona Press,cc1995 axvi, 161 p. ;c24 cm 0aWomen in agriculture 0aWomen farmers 0aWomen in development1 aHenderson, Helen Kreider1 aHansen, Ellen